Aden International Airport Destinations (Aden, Yemen) - Statistics

General Stats
  • This quiz has been taken 67 times
    37 since last reset
  • The average score is 8 of 14
Answer Stats
Airline Destination % Correct
Yemenia Dubai (Al Maktoum)
83%
Air Djibouti/Yemenia Djibouti
79%
Yemenia Cairo
75%
Yemenia Jeddah
75%
Yemenia Riyadh
75%
Yemenia Addis Ababa
71%
African Express Airways Mogadishu
71%
Yemenia Kuwait City
50%
Yemenia Amman (Queen Alia)
46%
Yemenia Mumbai
42%
Yemenia Socotra
42%
Yemenia Mukalla
33%
Yemenia Seiyun
29%
Yemenia Al Ghaydah
13%
No matching quizzes found
Score Distribution
Percent of People with Each Score
Percentile by Number Answered
Your Score History
You have not taken this quiz since the last reset